000
00341nam a2200145Ia 4500
008
191201s2012 xx 000 0 und d
082
_a
671.52
_b
LIW
100
_a
LITTLE, Richard L
245
0
_a
Welding and Welding Technology
250
_a
Rep
260
_a
N.Delhi
_b
TMH
_c
2012
300
_a
435
650
_a
B.Tech(ME)
942
_2
ddc
_c
BK
999
_c
5637
_d
5637